=LDR 00000nam 2200000 4500 =001 INLIS000000000040118 =005 20130612145712 =008 ***********************************Ind** =035 ##$$0010-061300000040118 =041 ##$$a Ind =082 ##$$a 576.648 =090 ##$$a 576.648, Shi m.3 =100 ##$$a Shinya,MD Hiromi =245 ##$$a The microbes factor, Mukjizat microba, Hiromi shinya,MD =260 ##$$a 2010 $b Jakarta =300 ##$$a 254 hlm, 19 cm =700 ##$$a Zia Anhor =850 ##$$a NBPNMAT